000
00356nam a22001577a 4500
003
MPLRDC
005
20220104144308.0
008
210129b ||||| |||| 00| 0 eng d
082
_a
859.6 LZY
100
_a
李筑媛著
245
_a
苗幼青青
_c
260
_a
_b
人民企业有限公司
_c
300
_b
平
650
_a
942
_c
BK
_o
859.6 LZY
999
_c
48232
_d
48222